000 00199 a2200109 4500
020 _a48477641137
041 _aspa
100 _aMarti, Jose
245 _aAprende Ingles
942 _cBK
952 _74
999 _c23529
_d23529